[Event "CYP-ch op"]
[Site "Nicosia"]
[Date "2022.02.23"]
[Round "6"]
[White "Lazaris, Stelios"]
[Black "Kole, Arda"]
[Result "0-1"]
[WhiteElo "1662"]
[BlackElo "1359"]
[PlyCount "119"]
[EventDate "2022.02.04"]
[EventType "swiss"]
[EventRounds "9"]
[EventCountry "CYP"]
[SourceTitle "EXT 2024"]
[Source "ChessBase"]
[SourceDate "2023.10.10"]
[SourceVersion "1"]
[SourceVersionDate "2023.10.10"]
[SourceQuality "1"]

1. d4 c6 2. c4 d6 3. e4 Qc7 4. Nf3 e5 5. Nc3 Nf6 6. Be2 Bg4 7. h3 Bxf3 8. Bxf3 Nbd7 9. 0-0 Be7 10. Be3 0-0 11. Rc1 h6 12. Ne2 Rfe8 13. Ng3 Nh7 14. Nf5 Bg5 15. Rc3 Ndf6 16. d5 Red8 17. h4 Bxe3 18. Rxe3 Nf8 19. Bg4 Ng6 20. g3 Ne7 21. Qf3 Nxf5 22. Bxf5 Qe7 23. Bh3 Nd7 24. Qh5 Nf6 25. Qf3 a5 26. Kh2 Nd7 27. Bxd7 Qxd7 28. g4 g6 29. Rg1 Qe7 30. g5 h5 31. a4 Ra6 32. Rg3 Rb6 33. b3 Rb4 34. Qe2 Rd7 35. Ref3 Qd8 36. Rf6 Qb6 37. Qd3 Qc5 38. Qd2 Qb6 39. Rff3 Rd8 40. Rd3 cxd5 41. Rxd5 Rxb3 42. Rxb3 Qxb3 43. Qxa5 b6 44. Qd2 Qxc4 45. Rxd6 Rxd6 46. Qxd6 Qxe4 47. Qxb6 Qxh4+ 48. Kg2 Qxa4 49. Qb8+ Kh7 50. Qxe5 Qg4+ 51. Qg3 Qxg3+ 52. Kxg3 Kg7 53. f3 Kf8 54. Kf4 Ke7 55. Kg3 Ke6 56. Kf4 Kd5 57. Ke3 Ke5 58. f4+ Kf5 59. Kf3 h4 60. Ke2 0-1